H Marks the Spot - Statistics

General Stats
  • This quiz has been taken 100 times
  • The average score is 14 of 21
Answer Stats
Hint Answer % Correct
#, in Twitterspeak Hashtag
91%
Parentless children Orphans
91%
Aviation's Amelia Earhart
89%
Drug recovery center Rehab
88%
Pizza-topping fish Anchovy
84%
Mean Girl Lindsay Lohan
84%
Ode to Joy composer Beethoven
76%
Tropical cyclone Typhoon
75%
What wine or liquor is Alcoholic
68%
Google competitor Yahoo
66%
Very low body temperature Hypothermia
65%
Holy struggle Jihad
65%
Satanic Verses author Rushdie
62%
Theater escort Usher
62%
Sierra Nevada lake Tahoe
60%
Medieval pseudoscience Alchemy
48%
One of 3 Musketeers Athos
47%
Different, alternative Other
45%
Detest, loathe Abhor
37%
Massacred, killed Slaughtered
34%
Seoul's main airport Incheon
16%
No matching quizzes found
Score Distribution
Percent of People with Each Score
Percentile by Number Answered
Your Score History
You have not taken this quiz